El pensamiento criminológico II: Estado y control (Registro nro. 10654)
[ vista simple ]
| 000 -Cabecera | |
|---|---|
| Campo de control de longitud fija | 00873aam a2200325 4500 |
| 005 - Fecha y hora de la última transacción | |
| Campo de control | 20260212091115.0 |
| 008 - Elementos de longitud fija--Información general | |
| Campo de control de longitud fija | 150715b1983 xxu||||| |||| 00| 0 spa d |
| 020 ## - International Standard Book Number | |
| Número Internacional Estándar del Libro (ISBN) | 8482722859 |
| 041 ## - Idioma | |
| Código de idioma | Español |
| 082 ## - Clasificación Decimal Dewey | |
| Número de clasificación | 364 B493pe |
| 100 ## - Entrada principal--Autor personal | |
| Nombre personal | Bergalli, Roberto |
| 9 (RLIN) | 29750 |
| 100 ## - Entrada principal--Autor personal | |
| Nombre personal | Bustos Ramírez, Juan |
| 9 (RLIN) | 14909 |
| 100 ## - Entrada principal--Autor personal | |
| Nombre personal | González Z, Carlos |
| 100 ## - Entrada principal--Autor personal | |
| Nombre personal | Miralles, Teresa |
| 100 ## - Entrada principal--Autor personal | |
| Nombre personal | De Sola Dueñas, Ángel |
| 100 ## - Entrada principal--Autor personal | |
| Nombre personal | Viladas, Carles |
| 245 ## - Título propiamente dicho | |
| Título | El pensamiento criminológico II: Estado y control |
| 260 ## - Pie de imprenta | |
| Lugar de publicación, distribución, etc. | Colombia |
| 260 ## - Pie de imprenta | |
| Nombre del editor, distribuidor, etc. | Editorial Temis |
| 260 ## - Pie de imprenta | |
| Fecha de publicación, distribución, etc. | 1983 |
| 300 ## - Descripción física | |
| Extensión | 268 páginas |
| 490 ## - Serie | |
| Título de la Serie | Investigación Criminal |
| 650 ## - Materia general | |
| Temática (materia general) | CRIMINOLOGÍA |
| 650 ## - Materia general | |
| Temática (materia general) | SOCIOLOGÍA CRIMINAL |
| 650 ## - Materia general | |
| Temática (materia general) | PATOLOGÍA CRIMINAL |
| 650 ## - Materia general | |
| Temática (materia general) | DERECHO PENAL |
| 650 ## - Materia general | |
| Temática (materia general) | POLÍTICA SOCIAL |
| 650 ## - Materia general | |
| Temática (materia general) | ESTADO CONTROL |
| 942 ## - Punto de acceso adicional KOHA | |
| Tipo de ítem KOHA | Libro |
| Fuente del sistema de clasificación o colocación | Dewey Decimal Classification |
| Signatura completa | Código de barras | Programa Académico | Tipo de ítem |
|---|---|---|---|
| 364 B493pe | 5788 | Investigación Criminal | Libro |